000 00767nam a2200229 a 4500
001 1410
003 BR-CuiBMT
005 20231210143727.0
008 231206s2018 rjba 000 0 por d
040 _aBR-CuiBMT
_cBR-CuiBMT
080 _22007
_a657.63
090 _a657.63
_bR585m
110 1 _aRio de Janeiro (RJ).
_bTribunal de Contas.
245 1 0 _aManual de auditoria governamental /
_cTribunal de Contas do MunicĂ­pio do Rio de Janeiro.
260 _aRio de Janeiro :
_bTCM-RJ,
_c2018.
300 _a128 p. :
_bil. ;
_c21 cm
504 _aInclui bibliografia.
610 1 _aRio de Janeiro (RJ).
_bTribunal de Contas.
650 _aAuditoria
_xControle externo
_zRio de Janeiro (RJ)
650 _aAuditoria governamental
_xTribunais de contas
942 _2udc
_cLV
999 _c1410
_d1410